All Capital Cities fom South to North - Statistics

General Stats
  • This quiz has been taken 1,057 times
    334 since last reset
  • The average score is 105 of 196
Answer Stats
Latitude Capital % Correct
41 17 s Wellington
98%
35 18 s Canberra
93%
34 36 s Buenos Aires
77%
34 53 s Montevideo
76%
33 27 s Santiago
76%
15 48 s Brasilia
70%
25 17 s Asuncion
69%
06 12 s Jakarta
69%
12 03 s Lima
69%
01 17 n Singapore
67%
19 03 s Sucre
67%
00 15 s Quito
66%
18 08 s Suva
66%
04 36 n Bogota
65%
08 33 s Dili
65%
25 45 s Pretoria
65%
03 09 n Kuala Lumpur
64%
06 48 n Georgetown
63%
25 58 s Maputo
63%
05 52 n Paramaribo
63%
13 50 s Apia
62%
26 19 s Mbabane
62%
09 31 s Port Moresby
62%
01 26 n South Tarawa
62%
22 34 s Windhoek
62%
18 56 s Antananarivo
61%
10 30 n Caracas
61%
17 45 s Port Vila
61%
24 39 s Gaborone
60%
08 50 s Luanda
60%
04 11 n Male
60%
21 08 s Nukualofa
60%
20 10 s Port Louis
60%
09 28 s Honiara
59%
07 04 n Majuro
59%
29 19 s Maseru
59%
00 33 s Yaren
59%
04 53 n Bandar Seri Begawan
58%
08 31 s Funafuti
58%
15 25 s Lusaka
58%
25 04 n Nassau
58%
37 58 n Athens
57%
04 16 s Brazzaville
57%
06 10 s Dodoma
57%
17 52 s Harare
57%
23 08 n Havana
57%
04 20 s Kinshasa
57%
19 26 n Mexico City
57%
01 17 s Nairobi
57%
11 33 n Phnom Penh
57%
36 48 n Tunis
57%
35 54 n Valletta
57%
13 45 n Bangkok
56%
14 35 n Manila
56%
11 45 s Moroni
56%
45 45 n Ottawa
56%
08 59 n Panama City
56%
64 08 n Reykjavik
56%
06 55 n Sri Jayawardenapura Kotte
56%
14 06 n Tegucigalpa
56%
38 54 n Washington
56%
36 46 n Algiers
55%
30 03 n Cairo
55%
03 23 s Gitega
55%
13 59 s Lilongwe
55%
12 08 n Managua
55%
07 29 n Ngerulmud
55%
10 40 n Port-of-Spain
55%
34 02 n Rabat
55%
09 56 n San Jose
55%
32 54 n Tripoli
55%
14 37 n Guatemala City
54%
01 57 s Kigali
54%
38 43 n Lisbon
54%
40 24 n Madrid
54%
18 32 n Port-au-Prince
54%
18 28 n Santo Domingo
54%
04 51 n Juba
53%
00 19 n Kampala
53%
15 38 n Khartoum
53%
13 09 n Kingstown
53%
03 45 n Malabo
53%
02 02 n Mogadishu
53%
04 37 s Victoria
53%
17 15 n Belmopan
52%
42 52 n Bishkek
52%
60 10 n Helsinki
52%
17 59 n Kingston
52%
06 55 n Palikir
52%
41 54 n Rome
52%
15 18 n Roseau
52%
41 54 n Vatican City
52%
51 10 n Astana
51%
04 22 n Bangui
51%
11 35 n Djibouti
51%
21 02 n Hanoi
51%
00 23 n Libreville
51%
12 03 n Saint George's
51%
15 21 n Sana'a
51%
13 41 n San Salvador
51%
00 20 n Sao Tome
51%
03 52 n Yaounde
51%
39 56 n Ankara
50%
13 06 n Bridgetown
50%
14 01 n Castries
50%
06 08 n Lome
50%
55 45 n Moscow
50%
12 07 n N'DJamena
50%
13 31 n Niamey
50%
18 06 n Nouakchott
50%
59 57 n Oslo
50%
42 26 n Podgorica
50%
06 30 n Porto-Novo
50%
39 01 n Pyongyang
50%
17 07 n Saint John's
50%
43 51 n Sarajevo
50%
37 34 n Seoul
50%
42 00 n Skopje
50%
42 42 n Sofia
50%
59 20 n Stockholm
50%
25 02 n Taipei
50%
41 20 n Tirana
50%
47 55 n Ulaan Baatar
50%
17 58 n Vientiane
50%
45 49 n Zagreb
50%
24 28 n Abu Dhabi
49%
09 02 n Addis Ababa
49%
46 47 n Bern
49%
11 51 n Bissau
49%
44 26 n Bucharest
49%
09 31 n Conakry
49%
55 41 n Copenhagen
49%
53 21 n Dublin
49%
51 30 n London
49%
26 13 n Manama
49%
43 44 n Monaco
49%
23 37 n Muscat
49%
56 57 n Riga
49%
24 38 n Riyadh
49%
43 56 n San Marino
49%
41 16 n Tashkent
49%
40 11 n Yerevan
49%
05 33 n Accra
48%
42 30 n Andorra la Vella
48%
37 56 n Ashgabat
48%
15 20 n Asmara
48%
40 22 n Baku
48%
13 27 n Banjul
48%
17 18 n Basseterre
48%
44 49 n Belgrade
48%
25 17 n Doha
48%
06 19 n Monrovia
48%
19 45 n Naypyidaw
48%
50 05 n Prague
48%
42 40 n Pristina
48%
59 26 n Tallinn
48%
09 04 n Abuja
47%
12 39 n Bamako
47%
14 42 n Dakar
47%
23 42 n Dhaka
47%
08 29 n Freetown
47%
46 03 n Ljubljana
47%
53 54 n Minsk
47%
14 55 n Praia
47%
41 43 n Tbilisi
47%
47 08 n Vaduz
47%
06 49 n Yamoussoukro
47%
52 22 n Amsterdam
46%
39 54 n Beijing
46%
48 09 n Bratislava
46%
50 51 n Brussels
46%
47 28 n Budapest
46%
47 00 n Chisinau
46%
38 32 n Dushanbe
46%
49 61 n Luxembourg
46%
28 37 n New Delhi
46%
12 21 n Ouagadougou
46%
48 51 n Paris
46%
35 42 n Tehran
46%
35 41 n Tokyo
46%
54 41 n Vilnius
46%
31 56 n Amman
45%
33 20 n Baghdad
45%
52 31 n Berlin
45%
33 31 n Damascus
45%
33 43 n Islamabad
45%
31 47 n Jerusalem
45%
34 32 n Kabul
45%
27 42 n Kathmandu
45%
29 22 n Kuwait City
45%
27 28 n Thimphu
45%
48 13 n Vienna
45%
52 14 n Warsaw
45%
33 53 n Beirut
44%
35 10 n Nicosia
44%
50 27 n Kiev
43%
No matching quizzes found
Score Distribution
Percent of People with Each Score
Percentile by Number Answered
Your Score History
You have not taken this quiz since the last reset